000 01615nam a2200337 c 4500
003 BLK
005 20180420214756.0
008 180412b bul|||||r ||||||| ||bul||
010 _aKNG00014257000
020 _a954-7273-07-2
_bиздат.: Xpress
040 _aBLK
041 _aBUL
_cBUL
080 _aЕзици за програмиране
_b519.682
_x(035)
_z519.682(035)
080 _aАвтоматични цифрови електронноизчислителни машини. Миникомпютри. Микрокомпютри
_b681.322
_x.06(035)
_z681.322.06(035)
139 _a[Борленд Паскал Уиндоус] Borland Pascal за Windows
_bБ 66
245 1 0 _a[Борленд Паскал Уиндоус] Borland Pascal за Windows
_bРъководство за програмиста под Windows
257 _aUSA
260 София
_bXpress
_c1996
_fВ. Търново : Абагар
300 _a383 с.
_bсъс сх.
_c24 см
380 _a5
500 _aОриг. загл. Borland Pascal за Windows. - 1 000 тир.
650 4 _aПаскал - програмиране - наръчници и ръководства
_9245042
650 4 _aЕзици за програмиране - наръчници и ръководства
_9241821
650 4 _aИзчислителни машини, електронни - програмиране - наръчници и ръководства
_9241820
653 _aУиндоус
852 _aЦб 189180
856 4 _qpdf
_u
856 4 _qpdf
_u
942 _cKNG
_n0
944 _aCR
_c15.01.2003
_kКети_Илиева
944 _aED
_c21.03.2014
_k
999 _c12647
_d12647